Walter Mazzarri's Inter - Statistics

General Stats
  • This quiz has been taken 4 times
  • The average score is 16 of 40
Answer Stats
Rank Player Position Nationality Matches Goals Assists % Correct
18 Diego Milito Centre-Forward 18 2 1
100%
10 Esteban Cambiasso Defensive Midfield 33 4 2
100%
23 Javier Zanetti Right-Back 13 0 0
100%
3 Mateo Kovacic Central Midfield 50 5 6
100%
2 Samir Handanovič Goalkeeper 50 0 0
100%
5 Yuto Nagatomo Left-Back 43 5 9
100%
6 Fredy Guarín Central Midfield 43 6 16
75%
4 Juan Jesus Centre-Back 46 0 0
75%
21 Nemanja Vidic‎ Centre-Back 13 0 0
75%
1 Rodrigo Palacio Centre-Forward 51 19 13
75%
19 Walter Samuel Centre-Back 15 2 0
75%
7 Andrea Ranocchia Centre-Back 39 2 0
50%
17 Danilo D'Ambrosio Centre-Back 19 3 0
50%
22 Gary Medel Centre-Back 13 0 0
50%
13 Hernanes Attacking Midfield 29 4 5
50%
15 Hugo Campagnaro Centre-Back 25 0 2
50%
30 Joel Obi Central Midfield 9 0 0
50%
27 Juan Pablo Carrizo Goalkeeper 10 0 0
50%
8 Mauro Icardi Centre-Forward 39 20 3
50%
31 Álvaro Pereira Left-Back 7 0 1
25%
20 Dodô Left-Back 15 2 3
25%
32 Ibrahima Mbaye Right-Back 6 0 0
25%
28 Ishak Belfodil Centre-Forward 10 1 1
25%
9 Jonathan Right-Back 37 4 10
25%
24 Marco Andreolli Centre-Back 12 1 0
25%
11 Ricardo Álvarez Central Midfield 31 4 8
25%
12 Rolando Centre-Back 29 4 0
25%
29 Yann M'Vila Defensive Midfield 9 0 0
25%
16 Zdravko Kuzmanovic Central Midfield 25 0 3
25%
40 Andrea Palazzi Defensive Midfield 1 0 0
0%
25 Daniel Osvaldo Centre-Forward 12 5 5
0%
33 Federico Bonazzoli Centre-Forward 4 0 0
0%
35 Gaby Mudingayi Defensive Midfield 3 0 0
0%
38 Gaston Camara Right Winger 1 0 0
0%
39 Isaac Donkor Centre-Back 1 0 0
0%
37 Patrick Olsen Attacking Midfield 1 0 0
0%
36 Rene Krhin Defensive Midfield 3 0 0
0%
26 Rubén Botta Attacking Midfield 12 0 0
0%
14 Saphir Taïder Central Midfield 26 2 2
0%
34 Wallace Oliveira Right-Back 4 0 0
0%
No matching quizzes found
Score Distribution
Percent of People with Each Score
Percentile by Number Answered
Your Score History
You have not taken this quiz